000 00618nam a22001937a 4500
999 _c15036
_d15036
003 OSt
005 20200207093429.0
008 181213b ||||| |||| 00| 0 eng d
022 _a00116009
040 _c0
082 _aDPer 792.805 D19 Mar-Aug 2016 v.90, n.3-8
100 _aThompson, Candice.
_933111
245 _aLucrative learning:
_bsmall companies jump on the summer intensive bandwagon/
_cCandice Thompson.
260 _aNew York:
_bDance Media,
_c©Mar-Aug 2016.
300 _av90 n7, page 16.
_bcolored illustrations:
_c25 cm.
500 _aDance magazine.
650 _aBallet.
_933244
942 _2ddc
_cPER